Pomodori sull'orlo di una crisi di nervi : la vera cucina gay italiana /
Guardat en:
| Autor principal: | |
|---|---|
| Altres autors: | , , |
| Format: | Llibre |
| Idioma: | italià |
| Publicat: |
Milano :
Cairo,
2012
|
| Col·lecció: | Extra
|
| Matèries: | |
| Etiquetes: |
Sense etiquetes, Sigues el primer a etiquetar aquest registre!
|
MARC
| LEADER | 00000nam a22000007i 4500 | ||
|---|---|---|---|
| 001 | IT\ICCU\UBO\3969048 | ||
| 003 | ItRI | ||
| 005 | 20260204165253.0 | ||
| 008 | 121016s2012 it |||||| ||||| |||||c | ||
| 020 | |a 9788860524454 | ||
| 040 | |b ita |c ct | ||
| 041 | 7 | |a ita |2 ISO-639-2 | |
| 082 | |a 641.5 |2 19 | ||
| 100 | 1 | |a Fullin, Alessandro |0 IT\ICCU\MODV\341538 | |
| 245 | 1 | 0 | |a Pomodori sull'orlo di una crisi di nervi : |b la vera cucina gay italiana / |c Alessandro Fullin ; con le ricette di Stefano Chiara ; illustrazioni di Giovanni Battistini ; consigli dei vini di Adua Villa. |
| 260 | |a Milano : |b Cairo, |c 2012 | ||
| 300 | |a 143 p. : |b ill. ; |c 21 cm. | ||
| 650 | 7 | |a Culinaria | |
| 700 | 1 | |a Chiara, Stefano |0 IT\ICCU\UBOV\345105 | |
| 700 | 1 | |a Battistini, Giovanni |c (grafico) |0 IT\ICCU\UBOV\345106 | |
| 700 | 1 | |a Villa, Adua |0 IT\ICCU\UBOV\345107 | |
| 830 | 0 | |a Extra |0 IT\ICCU\MIL\0700958 | |
| 942 | |2 ddc |c BK | ||
| 952 | |0 0 |1 0 |2 ddc |4 0 |6 B_STL03FULALPOM11 |7 0 |9 7748 |a MI |b MI |d 2012-11-23 |i 6517 |l 0 |o B-STL03-FULAL-POM11 |p CDOM6517 |r 2025-07-13 16:28:46 |w 2025-07-13 |x DONO CON DEDICA DELL'AUTORE |y BK | ||
| 952 | |0 0 |1 0 |4 0 |6 DOC_641_500000000000000_FUL |7 0 |9 20318 |a BO |b BO |d 2026-01-15 |i 16609 |l 0 |o DOC 641.5 FUL |p BO16609 |r 2026-01-15 23:21:20 |w 2026-01-15 |x [Sebina 5] [1 v.] |y BK |z 1 v. | ||
| 981 | 1 | |6 z01 |a i |b xxxe | |
| 982 | 1 | |6 z01 |a n | |
| 999 | |c 6420 |d 6420 | ||